000 00452nam a2200181Ia 4500
001 22244
005 20260414150818.0
008 260414t1998||||xx |||||||||||||| ||spa||
041 _aESP
082 _a621.3
_bCH43
100 _aCheng, David K.
_eAUT
245 0 _aFundamentos de electromagnetismo para ingenierĂ­a
_b
260 _c1998
300 _axvii, 492 páginas :
_c23 cm.
650 _aTCA
654 _aCET
942 _cLIB
_dJUS
_fJUS
_2ddc
_n
999 _c22244
_d22244